000
00234nam a2200097Ia 4500
001
718375
005
20250826163022.0
008
250824s9999 xx 000 0 und d
245
0
_a
BİR KIZIMIZ OLACAKTI
_c
M&T
260
_b
PANAMA YAYINLARI
999
_c
718375
_d
718375